Regionálna veda vzdelávacie kurzy projektu Exceterr
Enregistré dans:
| Auteur principal: | |
|---|---|
| Format: | Livre |
| Langue: | slovaque |
| Publié: |
Žilina
EDIS-vydavateľstvo Žilinskej univerzity
2000
|
| Sujets: | |
| Tags: |
Pas de tags, Soyez le premier à ajouter un tag!
|
MARC
| LEADER | 00000nam$a2200000$$$4500 | ||
|---|---|---|---|
| 001 | 0034931 | ||
| 005 | 20240326125902.3 | ||
| 020 | |a 80-7100-796-X | ||
| 041 | 0 | |a slo | |
| 044 | |a SK | ||
| 245 | 1 | 0 | |a Regionálna veda |b vzdelávacie kurzy projektu Exceterr |c Jarmila Húsenicová |
| 264 | 1 | |a Žilina |b EDIS-vydavateľstvo Žilinskej univerzity |c 2000 | |
| 300 | |a 92 s. | ||
| 610 | 2 | 0 | |a regióny |
| 610 | 2 | 0 | |a veda |
| 610 | 2 | 0 | |a regionalizácia |
| 610 | 2 | 0 | |a rozvoj územný |
| 610 | 2 | 0 | |a mestá |
| 610 | 2 | 0 | |a obce |
| 610 | 2 | 0 | |a plánovanie regionálne |
| 610 | 2 | 0 | |a plánovanie územné |
| 610 | 2 | 0 | |a aglomerácie mestské |
| 610 | 2 | 0 | |a projekty |
| 610 | 2 | 0 | |a aglomerácie sídelné |
| 610 | 2 | 0 | |a riadenie |
| 610 | 2 | 0 | |a Francúzsko |
| 610 | 2 | 0 | |a Slovensko |
| 100 | 1 | |a Húsenicová, Jarmila | |